Vývoj ekonomiky v lidových demokraciích čtyři studie

Na minha lista:
Detalhes bibliográficos
Formato: Livro
Idioma:tcheco
Publicado em: Praha Orbis 1950
Tags: Adicionar Tag
Sem tags, seja o primeiro a adicionar uma tag!

MARC

LEADER 00000nam a2200000 4500
001 0308475
005 20250506094259.8
041 0 |a cze 
044 |a CZ 
245 1 0 |a Vývoj ekonomiky v lidových demokraciích  |b čtyři studie 
264 1 |a Praha  |b Orbis  |c 1950